Statistics for Bon Jovi Albums

Click here to take the quiz!

General Stats

  • This quiz has been taken 238 times
    (235 since last reset)
  • The average score is 8 of 12

Answer Stats

Answer% Correct
Slippery When Wet
95%
Bon Jovi
86%
New Jersey
84%
Keep The Faith
74%
Have a Nice Day
73%
Crush
66%
Bounce
65%
These Days
63%
The Circle
58%
Lost Highway
54%
7800 Fahrenheit
49%
What About Now
43%

Score Distribution

Percentile by Number Answered

Percent of People with Each Score

Your Score History

You have not taken this quiz since the last reset